Central Library OPAC University of Rajshahi

Work study / (Record no. 60829)

MARC details
000 -LEADER
fixed length control field 00753nam a2200253 a 4500
001 - CONTROL NUMBER
control field 60829
003 - CONTROL NUMBER IDENTIFIER
rucl marc code BD-RjUL
005 - DATE AND TIME OF LATEST TRANSACTION
control field 20211209080904.0
008 - FIXED-LENGTH DATA ELEMENTS--GENERAL INFORMATION
fixed length control field 161211r19691968enk 001 0 eng d
035 ## - SYSTEM CONTROL NUMBER
System control number (BD-RjUL) 60953
040 ## - CATALOGING SOURCE
Original cataloging agency BD-RjUL
Modifying agency BD-RjUL
Transcribing agency BD-RjUL
Language of cataloging eng
041 ## - LANGUAGE CODE
Language code of text/sound track or separate title eng
082 ## - DEWEY DECIMAL CLASSIFICATION NUMBER
Edition number 23
Classification number 658.542
Author mark and year CUW 1969
100 ## - MAIN ENTRY--PERSONAL NAME
Personal name Currie, Russell M
9 (RLIN) 171609
245 00 - TITLE STATEMENT
Title Work study /
Statement of responsibility, etc. Russell M Currie with a foreword by Sir Ewart Smith
250 ## - EDITION STATEMENT
Edition statement 2nd ed.
260 ## - PUBLICATION, DISTRIBUTION, ETC. (IMPRINT)
Place of publication, distribution, etc. London :
Name of publisher, distributor, etc. Pitman Paper Backs,
Date of publication, distribution, etc. c1968 [Reprinted 1969]
300 ## - PHYSICAL DESCRIPTION
Pagination xvi, 251 p. :
Illustrations ill. ;
Size 21 cm.
500 ## - GENERAL NOTE
General note Includes index
650 ## - SUBJECT ADDED ENTRY--TOPICAL TERM
Topical term or geographic name as entry element Job analysis
9 (RLIN) 171602
Topical term or geographic name as entry element Work measurement
9 (RLIN) 181304
700 ## - ADDED ENTRY--PERSONAL NAME
Personal name Smith, Sir Ewart
942 ## - ADDED ENTRY ELEMENTS (KOHA)
Source of classification or shelving scheme Dewey Decimal Classification
Koha item type Books
Holdings
Lost status Source of classification or shelving scheme Damaged status Not for loan Collection code Permanent Location Current Location Shelving location Date acquired Source of acquisition Cost, normal purchase price Total Checkouts Full call number Date last seen Copy number Koha item type
  Dewey Decimal Classification   Not For Loan Non-fiction Central Library, University of Rajshahi Central Library, University of Rajshahi Reading Room 01/04/1970 Zeitlinger 17.00   658.542 CUW 1969 03/01/2017 C-1 Books